Statistics for Cities With One Million People by Letter - O

Click here to take the quiz!

General Stats

  • This quiz has been taken 251 times
  • The average score is 8 of 11

Answer Stats

City % Correct
Oslo
98%
Orlando
96%
Osaka
96%
Ottawa
96%
Oklahoma City
86%
Odessa
79%
Ouagadougou
79%
Oran
60%
Omsk
57%
Okayama
28%
Onitsha
18%

Score Distribution

Percentile by Number Answered

Percent of People with Each Score

Your Score History

You have not taken this quiz